| 000 | 00489nam a2200169Ia 4500 | ||
|---|---|---|---|
| 999 |
_c142 _d142 |
||
| 003 | OSt | ||
| 005 | 20210907101208.0 | ||
| 008 | 190216s9999||||xx |||||||||||||| ||und|| | ||
| 040 | _coclc | ||
| 082 |
_a297.122594812 _bALM/S |
||
| 100 |
_aAl Moududi, Abdul Aghla _98731 |
||
| 245 | 0 |
_aSurathu Noor / _cAbdul Aghla Al Moududi |
|
| 260 | _bIslamic Publishing House, | ||
| 300 | _a196p | ||
| 650 | _aArabic | ||
| 942 |
_cBK _2ddc _h297.122594812 _iALM/S _k297.122594812 _mALM/S |
||